| 000 | 00798cab a22002535a 4500 | ||
|---|---|---|---|
| 001 | L155064 | ||
| 008 | 120223e20120223xxk 000 0 eng d | ||
| 035 | _a(Sirsi) u155064 | ||
| 041 | 0 | _aeng | |
| 100 | 1 | _aBallantyne, Bernadette | |
| 245 | 0 | 0 | _aSpringing ahead |
| 260 | _c2012 | ||
| 490 |
_aNew Civil Engineer _v23 February 2012, 21-24(3) |
||
| 520 | _aOverview of construction activity in the Gulf states which is being driven by major infrastructure projects; project market value (£m) for 6 countries; UK firms active in the Middle East. | ||
| 590 | _aKA | ||
| 651 | 4 | _aMENEA | |
| 651 | 4 | _aQatar | |
| 651 | 4 | _aSaudi Arabia | |
| 651 | 4 | _aKuwait | |
| 690 |
_aProject management _96261 |
||
| 690 |
_aConstruction management _96230 |
||
| 690 |
_aCost management _96233 |
||
| 942 | _n0 | ||
| 999 |
_c83802 _d83802 |
||